000 00695nam a2200253 i 4500
001 C2-0299582
003 PPAK
005 20180728081214.0
008 090811s2009 my |||| ||||| | eng d
020 _a9789831004807
040 _aPPAK
_beng
_cPPAK
_erda
082 0 4 _a959.5
_223
090 0 0 _a959.5
_bFER
_dG
090 0 0 _a959.5
_bFER
_dR
100 1 _aFernando, Joseph M.,
_eauthor
245 1 4 _aThe alliance road to independence
264 1 _aKuala Lumpur :
_bUniversity of Malaya Press ,
_c2009
300 _a155 pages ;
_c23 cm
336 _2rdacontent
_atext
337 _2rdamedia
_aunmediated
338 _2rdacarrier
_avolume
650 1 0 _aMalaysia - History
942 _ddc
_cB
999 _c103513
_d103513